<?xml version="1.0" encoding="UTF-8"?><?xml-stylesheet type="text/xsl" href="static/style.xsl"?><OAI-PMH xmlns="http://www.openarchives.org/OAI/2.0/" xmlns:xsi="http://www.w3.org/2001/XMLSchema-instance" xsi:schemaLocation="http://www.openarchives.org/OAI/2.0/ http://www.openarchives.org/OAI/2.0/OAI-PMH.xsd"><responseDate>2026-06-02T21:39:54Z</responseDate><request verb="GetRecord" identifier="oai:riuma.uma.es:10630/6760" metadataPrefix="marc">https://riuma.uma.es/rest/oai/request</request><GetRecord><record><header><identifier>oai:riuma.uma.es:10630/6760</identifier><datestamp>2026-02-03T12:13:24Z</datestamp><setSpec>com_10630_2254</setSpec><setSpec>col_10630_37959</setSpec></header><metadata><record xmlns="http://www.loc.gov/MARC21/slim" xmlns:dcterms="http://purl.org/dc/terms/" xmlns:doc="http://www.lyncode.com/xoai" xmlns:xsi="http://www.w3.org/2001/XMLSchema-instance" xsi:schemaLocation="http://www.loc.gov/MARC21/slim http://www.loc.gov/standards/marcxml/schema/MARC21slim.xsd">
   <leader>00925njm 22002777a 4500</leader>
   <datafield ind2=" " ind1=" " tag="042">
      <subfield code="a">dc</subfield>
   </datafield>
   <datafield ind2=" " ind1=" " tag="720">
      <subfield code="a">Fernández-Rodríguez, Emilio</subfield>
      <subfield code="e">author</subfield>
   </datafield>
   <datafield ind2=" " ind1=" " tag="720">
      <subfield code="a">Merino-Marban, Rafael</subfield>
      <subfield code="e">author</subfield>
   </datafield>
   <datafield ind2=" " ind1=" " tag="720">
      <subfield code="a">Mayorga-Vega, Daniel</subfield>
      <subfield code="e">author</subfield>
   </datafield>
   <datafield ind2=" " ind1=" " tag="720">
      <subfield code="a">Iglesias-Navarrete, Pablo</subfield>
      <subfield code="e">author</subfield>
   </datafield>
   <datafield ind2=" " ind1=" " tag="260">
      <subfield code="c">2013-12-10</subfield>
   </datafield>
   <datafield ind2=" " ind1=" " tag="520">
      <subfield code="a">INTRODUCCIÓN: Sólo a partir de 2005 se empiezan a crear en España Escuelas de Triatlón. Exceptuando a Lago (2002), no existen propuestas de modelos de formación que atiendan a criterios científicos. Se propone una guideline basada en la experiencia de 20 años de trabajo con niños triatletas que han llegado a ser campeones de España y del mundo. &#xd;
&#xd;
MÉTODO: Basado en la experiencia llevada a cabo con la primera “Escuela Oficial o Institucional” en España generada por la Federación Andaluza de Triatlón en el año 1995 y, también en el desarrollo de la primera Escuela de Andalucía creada por un Club, en 2004. &#xd;
&#xd;
El Modelo de Formación está basado en:&#xd;
1º. Ámbito de las habilidades: Habilidades perceptivos motoras, básicas y genéricas que favorecen la adaptabilidad a condiciones cambiantes y variables (Bruner, 2013).&#xd;
2º Ámbito del rendimiento deportivo; Formar niños altamente coordinados. Ir uniendo a esta formación perceptivo-motriz los componentes de las cualidades  físicas; búsqueda del máximo rendimiento en el 5º o 6º ciclo de entrenamiento plurianual (ciclos de 4 años) y de forma multilateral (Platonov, 2001).&#xd;
3º. Principios del entrenamiento adaptados.       Estricta aplicación y cumplimiento de principios básicos en  niños y jóvenes:&#xd;
-Planificación plurianual. Ciclos de 4 años. Incremento de un volumen dado por año.&#xd;
-Principio del incremento paulatino del  esfuerzo; control de la intensidad  año tras año.&#xd;
- Principio de variedad de la carga.&#xd;
- Principio de individualización y adecuación a la edad. &#xd;
- Principio del desarrollo multilateral (Wilke &amp; Madsen, 1990).&#xd;
4º. Ámbito de la motivación. Evitar niveles de aburrimiento, sedentarismo (Burke et al., 2006) y una disminución del afán de superación y lucha por objetivos (Li &amp; Rukavina, 2009).&#xd;
5º.  Maduración. Atender a las fases sensibles y periodos críticos del desarrollo, crecimiento y maduración motora (Delgado et al,1999).&#xd;
&#xd;
RESULTADOS Y DISCUSIÓN: Con un seguimiento longitudinal de la formación, los niños y jóvenes con más de un ciclo interanual de entrenamiento llegaron a ser en repetidas ocasiones Campeones de España cadetes en Triatlón y Duatlón. El 100% de los jóvenes entrenados ha llegado a ser pódium nacional en todas las categorías y el 50% ha llegado a ser internacional; podium europeo o mundiales incluso en categoría elite. &#xd;
&#xd;
CONCLUSIONES: La aplicación de este modo de trabajo produce campeones a largo plazo.</subfield>
   </datafield>
   <datafield ind1="8" ind2=" " tag="024">
      <subfield code="a">http://hdl.handle.net/10630/6760</subfield>
   </datafield>
   <datafield tag="653" ind2=" " ind1=" ">
      <subfield code="a">Triatlón</subfield>
   </datafield>
   <datafield ind2="0" ind1="0" tag="245">
      <subfield code="a">Escuelas de Triatlon en la edad escolar: propuesta modelo de formación</subfield>
   </datafield>
</record>
</metadata></record></GetRecord></OAI-PMH>